<?xml version="1.0" encoding="UTF-8"?>
<record
    xmlns:xsi="http://www.w3.org/2001/XMLSchema-instance"
    xsi:schemaLocation="http://www.loc.gov/MARC21/slim http://www.loc.gov/standards/marcxml/schema/MARC21slim.xsd"
    xmlns="http://www.loc.gov/MARC21/slim">

  <leader>00783nam a22002177a 4500</leader>
  <controlfield tag="001">49144</controlfield>
  <controlfield tag="003">BD-RjUL</controlfield>
  <controlfield tag="005">20211209054636.0</controlfield>
  <controlfield tag="008">160818s        bg ||||| |||| 00| 0 ben d</controlfield>
  <datafield tag="035" ind1=" " ind2=" ">
    <subfield code="a">(BD-RjUL)49263</subfield>
  </datafield>
  <datafield tag="040" ind1=" " ind2=" ">
    <subfield code="a">BD-RjUL</subfield>
    <subfield code="b">ben </subfield>
    <subfield code="c">BD-RjUL</subfield>
  </datafield>
  <datafield tag="041" ind1=" " ind2=" ">
    <subfield code="a">ben </subfield>
  </datafield>
  <datafield tag="082" ind1=" " ind2=" ">
    <subfield code="2">23 </subfield>
    <subfield code="a">371</subfield>
    <subfield code="b">SEA </subfield>
  </datafield>
  <datafield tag="100" ind1=" " ind2=" ">
    <subfield code="a">&#x9B8;&#x9C7;&#x9A8;&#x997;&#x9C1;&#x9AA;&#x9CD;&#x9A4;, &#x9B8;&#x9C1;&#x9AC;&#x9CB;&#x9A7;&#x995;&#x9C1;&#x9AE;&#x9BE;&#x9B0; </subfield>
    <subfield code="9">147764</subfield>
  </datafield>
  <datafield tag="245" ind1="1" ind2="0">
    <subfield code="a">&#x986;&#x9A7;&#x9C1;&#x9A8;&#x9BF;&#x995; &#x9B6;&#x9BF;&#x995;&#x9CD;&#x9B7;&#x9BE; &#x9AA;&#x9A6;&#x9CD;&#x9A7;&#x9A4;&#x9BF; / </subfield>
    <subfield code="c">&#x9B8;&#x9C1;&#x9AC;&#x9CB;&#x9A7;&#x995;&#x9C1;&#x9AE;&#x9BE;&#x9B0; &#x9B8;&#x9C7;&#x9A8;&#x997;&#x9C1;&#x9AA;&#x9CD;&#x9A4; </subfield>
  </datafield>
  <datafield tag="260" ind1=" " ind2=" ">
    <subfield code="a">&#x995;&#x9B2;&#x9BF;&#x995;&#x9BE;&#x9A4;&#x9BE; :</subfield>
    <subfield code="b">&#x9AE;&#x9BF;&#x9A4;&#x9CD;&#x9B0; &#x993; &#x998;&#x9CB;&#x9B7;, </subfield>
    <subfield code="c">? </subfield>
  </datafield>
  <datafield tag="300" ind1=" " ind2=" ">
    <subfield code="a">&#x9ED;&#x9EC;&#x9E6; &#x9AA;&#x9C3;. ; </subfield>
    <subfield code="c">&#x9E8;&#x9E7; &#x9B8;&#x9C7;&#x9AE;&#x9BF;. </subfield>
  </datafield>
  <datafield tag="650" ind1=" " ind2=" ">
    <subfield code="a">&#x9B6;&#x9BF;&#x995;&#x9CD;&#x9B7;&#x9BE; &#x9AA;&#x9A6;&#x9CD;&#x9A7;&#x9A4;&#x9BF; </subfield>
    <subfield code="9">144260</subfield>
  </datafield>
  <datafield tag="650" ind1=" " ind2=" ">
    <subfield code="a">Methods of Education </subfield>
    <subfield code="9">147765</subfield>
  </datafield>
  <datafield tag="942" ind1=" " ind2=" ">
    <subfield code="2">ddc</subfield>
    <subfield code="c">BK</subfield>
  </datafield>
  <datafield tag="999" ind1=" " ind2=" ">
    <subfield code="c">49144</subfield>
    <subfield code="d">49144</subfield>
  </datafield>
  <datafield tag="952" ind1=" " ind2=" ">
    <subfield code="0">0</subfield>
    <subfield code="1">0</subfield>
    <subfield code="2">ddc</subfield>
    <subfield code="4">0</subfield>
    <subfield code="7">0</subfield>
    <subfield code="8">NFIC</subfield>
    <subfield code="a">RUCL</subfield>
    <subfield code="b">RUCL</subfield>
    <subfield code="c">Stack</subfield>
    <subfield code="d">1967-02-09</subfield>
    <subfield code="e">Lekhok, Rajshahi</subfield>
    <subfield code="g">10.00</subfield>
    <subfield code="l">1</subfield>
    <subfield code="o">B 371 SEA</subfield>
    <subfield code="r">2018-10-10 00:00:00</subfield>
    <subfield code="s">2018-09-26</subfield>
    <subfield code="t">C-2</subfield>
    <subfield code="w">2016-08-18</subfield>
    <subfield code="y">BK</subfield>
  </datafield>
</record>
